Statistics for electric touch - taylor swift ft. fall out boy

Click here to take the quiz!

General Stats

  • This quiz has been taken 116 times
  • The average score is 276 of 330

Answer Stats

lyrics% Correct
electric
100%
i
100%
to
100%
touch
100%
you
100%
you,
100%
a
99%
an
98%
your
98%
back
96%
it
96%
my
96%
this
96%
and
95%
could
95%
life
95%
all
94%
bring
94%
got
94%
heart
94%
in
94%
is
94%
know
94%
be
91%
break
91%
feeling
91%
no
91%
or
91%
the
91%
just
90%
of
90%
on
89%
with
89%
either
88%
town
88%
up
88%
ghost
86%
now
86%
now,
86%
for
85%
one
85%
want
85%
breathe,
84%
time
84%
time,
84%
forever
83%
i've
83%
need
81%
fill
80%
heat
80%
relax,
80%
it'll
79%
okay
79%
out
79%
driveway
77%
me
77%
wanna
77%
hour
75%
oh
75%
first
74%
going
74%
right
74%
'til
74%
ever
73%
it's
73%
things
73%
see
72%
badly
70%
hanging
70%
money
70%
alone
69%
call
68%
history
68%
that
68%
tonight
68%
car's
67%
i'm
67%
maybe
67%
sleeping
67%
won't
67%
phone
65%
sadly
65%
ending
64%
mine
63%
moment's
63%
used
63%
fire
62%
love
62%
stories
62%
been
59%
burn
59%
get
59%
calling
58%
gotten
58%
stars
58%
not
57%
align
56%
two
56%
like
54%
space
54%
'cause
53%
grown
53%
hard
53%
headlights
52%
8:05
51%
apart,
51%
look
51%
mm,
51%
mm
51%
string
51%
thinking
51%
was
51%
along
49%
fell
49%
hoping
49%
trying
49%
accustomed
48%
decide
48%
every
48%
left
48%
still
48%
takes
48%
lost
47%
rain
47%
pining
44%
tried
44%
while
44%
ooh
33%

Score Distribution

Percentile by Number Answered

Percent of People with Each Score

Your Score History

You have not taken this quiz